书目信息 |
| 题名: |
实用演讲词大全
|
|
| 作者: | 宿春礼 编著 | |
| 分册: | ||
| 出版信息: | 北京 中国华侨出版社 2010 |
|
| 页数: | 16,437页 | |
| 开本: | 29cm | |
| 丛书名: | ||
| 单 册: | ||
| 中图分类: | H019 , I16 | |
| 科图分类: | ||
| 主题词: | 演讲学 , 演讲--世界--选集 , 演讲 | |
| 电子资源: | ||
| ISBN: | 978-7-5113-0681-4 | |
| 000 | 00895nam0 2200265 45 | |
| 001 | 012001002184 | |
| 005 | 20140926114740.0 | |
| 010 | @a978-7-5113-0681-4@dCNY59.80 | |
| 100 | @a20110415d2010 em y0chiy50 ea | |
| 101 | 0 | @achi |
| 102 | @aCN@b110000 | |
| 105 | @ay z 000yy | |
| 106 | @ar | |
| 200 | 1 | @a实用演讲词大全@9shi yong yan jiang ci da quan@f问道编著@FWen Dao Bian Zhu@PWDBZ |
| 210 | @a北京@c中国华侨出版社@d2010 | |
| 215 | @a16,437页@d29cm | |
| 330 | @a本书是一部囊括演讲词写作规范、技巧、范例和演讲知识、技巧、方法的大型工具书,旨在为读者提供各类场景、各类主题的最佳范文参考,深入探讨演讲词的写作方法、技巧,讲解各类演讲词的写作规范。 | |
| 606 | 0 | @a演讲学 |
| 606 | 0 | @a演讲@y世界@j选集 |
| 606 | 0 | @a演讲 |
| 690 | @aH019@v4 | |
| 690 | @aI16@v4 | |
| 701 | 0 | @a宿春礼@9su chun li@f(1971~)@4编著 |
| 801 | 0 | @aCN@b上海新华@c20180901 |
| 905 | @b1160276-80@dH019@e330@f5 | |
| 实用演讲词大全/问道编著.-北京:中国华侨出版社,2010 |
| 16,437页;29cm |
| ISBN 978-7-5113-0681-4:CNY59.80 |
| 本书是一部囊括演讲词写作规范、技巧、范例和演讲知识、技巧、方法的大型工具书,旨在为读者提供各类场景、各类主题的最佳范文参考,深入探讨演讲词的写作方法、技巧,讲解各类演讲词的写作规范。 |
| ● |
| 相关链接 |
|
|
|
|
正题名:实用演讲词大全
索取号:H019/330
 
预约/预借
| 序号 | 登录号 | 条形码 | 馆藏地/架位号 | 状态 | 备注 |
| 1 | 1160276 | 211602764 | 第二样本阅览室/ [索取号:H019/330] | 在馆 | |
| 2 | 1160277 | 211602773 | 第四借阅区/ [索取号:H019/330] | 在馆 | |
| 3 | 1160278 | 211602782 | 密集书库-文学院/ [索取号:H019/330] | 在馆 | |
| 4 | 1160279 | 211602791 | 第四借阅区/ [索取号:H019/330] | 在馆 | |
| 5 | 1160280 | 211602808 | 第四借阅区/ [索取号:H019/330] | 在馆 |